| 000 | 00363cam a22001217a 4500 | ||
|---|---|---|---|
| 008 | 180718b1953 xxu||||| |||| 00| 0 eng d | ||
| 082 | _aI5511 In7 | ||
| 100 | _aKendall , M . G . | ||
| 245 |
_aStatistic and Personnel Management _cBy M . G. Kendall |
||
| 260 |
_aLondon _bInstitute of personnel management _c1953 |
||
| 300 | _a16p. | ||
| 440 | _aOccasional Paper no. 3 | ||
| 999 |
_c441662 _d441662 |
||